MARC details
| 000 -LEADER |
| campo de control de longitud fija |
02226nam a2200373 i 4500 |
| 001 - NÚMERO DE CONTROL |
| campo de control |
194058 |
| 003 - IDENTIFICADOR DE NÚMERO DE CONTROL |
| campo de control |
SpMaBN |
| 005 - FECHA Y HORA DE LA ÚLTIMA TRANSACCIÓN |
| campo de control |
20250826053622.0 |
| 008 - DATOS DE LONGITUD FIJA--INFORMACIÓN GENERAL |
| campo de control de longitud fija |
240215s2022 sp | |||| 000 d spa |
| 015 ## - NÚMERO DE BIBLIOGRAFÍA NACIONAL |
| Número de bibliografía nacional |
MON23 |
| 017 ## - NÚMERO DE COPYRIGHT O DE DEPÓSITO LEGAL |
| Número de copyright o de depósito legal |
M 14327-2022 |
| Agencia que asigna |
Oficina Depósito Legal Madrid |
| 020 ## - NÚMERO INTERNACIONAL ESTÁNDAR DEL LIBRO |
| Número Internacional Estándar del Libro |
9788412435696 |
| 040 ## - FUENTE DE CATALOGACIÓN |
| Centro catalogador/agencia de origen |
SpMaBN |
| Lengua de catalogación |
spa |
| Centro/agencia transcriptor |
SpMaBN |
| Normas de descripción |
rda |
| 080 ## - NÚMERO DE LA CLASIFICACIÓN DECIMAL UNIVERSAL |
| Número de la Clasificación Decimal Universal |
821.134.2-21"19" |
| 100 1# - ENTRADA PRINCIPAL--NOMBRE DE PERSONA |
| Nombre de persona |
Pérez Cornejo, Manuel |
| 9 (RLIN) |
90742 |
| Término indicativo de función/relación |
Autor |
| 245 10 - MENCIÓN DEL TÍTULO |
| Título |
Arturo, o el pesimismo : |
| Resto del título |
un diálogo (Fantasía filosófica sobre los jardines de La Granja de San Ildefonso) / |
| Mención de responsabilidad, etc. |
Manuel Pérez Cornejo |
| 264 #1 - PRODUCCIÓN, PUBLICACIÓN, DISTRIBUCIÓN, FABRICACIÓN Y COPYRIGHT |
| Producción, publicación, distribución, fabricación y copyright |
Barcelona : |
| Nombre del de productor, editor, distribuidor, fabricante |
Ediciones Huso, |
| Fecha de producción, publicación, distribución, fabricación o copyright |
[2022] |
| 264 #4 - PRODUCCIÓN, PUBLICACIÓN, DISTRIBUCIÓN, FABRICACIÓN Y COPYRIGHT |
| Fecha de producción, publicación, distribución, fabricación o copyright |
©2022 |
| 300 ## - DESCRIPCIÓN FÍSICA |
| Extensión |
142 páginas ; |
| Dimensiones |
16 cm |
| 336 ## - TIPO DE CONTENIDO |
| Término de tipo de contenido |
Texto |
| Fuente |
rdacontent |
| 337 ## - TIPO DE MEDIO |
| Nombre/término del tipo de medio |
sin mediación |
| Fuente |
rdamedia |
| 338 ## - TIPO DE SOPORTE |
| Nombre/término del tipo de soporte |
volumen |
| Fuente |
rdacarrier |
| 504 ## - NOTA DE BIBLIOGRAFÍA, ETC. |
| Nota de bibliografía, etc. |
Bibliografía: páginas 135-142 |
| 520 ## - RESUMEN, ETC. |
| Sumario, etc. |
«Un pesimista que se precie, pensando que detrás de la muerte puede haber algo aún peor que esta vida (y todo apunta a esta posibilidad, dado que cuanto nos rodea, incluida nuestra propia existencia, parece ir siempre de mal en peor), trata de obtener de la vida el máximo disfrute posible, y busca evitar el dolor, tanto propio como ajeno, en la medida de sus fuerzas. Por eso, algunos de los grandes pesimistas […] practicaron aquello que Schopenhauer llamaba el "arte de saber vivir", disfrutando, tanto como pudieron, de la literatura, del arte y de la música, y ayudaron, impulsados por la compasión y hasta donde les fue posible, a paliar los sufrimientos y mejorar la vida de sus congéneres, de los animales, y, si me apuras, del reino vegetal, que quizás sea también susceptible de algún tipo de sufrimiento». |
| 650 #7 - PUNTO DE ACCESO ADICIONAL DE MATERIA--TÉRMINO DE MATERIA |
| Término de materia o nombre geográfico como elemento de entrada |
Pesimismo |
| Fuente del encabezamiento o término |
embne |
| 9 (RLIN) |
170652 |
| 655 #0 - TERMINO DE INDIZACIÓN--GENERO/FORMA |
| Datos o término principal de género/forma |
Tragedias |
| 9 (RLIN) |
235681 |
| 852 ## - LOCALIZACIÓN |
| Ubicación |
ES-MaACL |
| Sublocalización o colección |
R.155054 |
| Ubicación en estantería |
Depósito J |
| Número de control de estantería |
N-9851 |
| Encuadernación |
Encuadernación rústica |
| Anotaciones manuscritas |
Dedicatoria autógrafa del autor |
| Donativo/Legado |
Donación: Manuel Pérez Cornejo |
| itemnumber |
205796 |
| 903 ## - NOMBRE PERSONAL DE DONANTE |
| 9 |
90742 |
| a |
Pérez Cornejo, Manuel |
| e |
Donante |
| 942 ## - ELEMENTOS DE ENTRADA SECUNDARIOS (KOHA) |
| Tipo de ítem Koha |
Libro impreso |
| Suprimir en OPAC |
No |